000 00252nam a2200109Ia 4500
008 190914s9999||||xx |||||||||||||| ||und||
100 _aGanda Singh
245 0 _aAhmed Shah Abdali
260 _aCanada
_bMushtaq Book
_c2004
300 _a828
942 _cBK
999 _c9673
_d9673